| 000 | 01524nam a2200373Ia 4500 | ||
|---|---|---|---|
| 001 | ebr10112786 | ||
| 003 | CaPaEBR | ||
| 006 | m u | ||
| 007 | cr cn||||||||| | ||
| 008 | 040625s2004 xxua sb 001 0 eng d | ||
| 010 | _z 2004273409 | ||
| 020 | _z0738453293 | ||
| 040 |
_aCaPaEBR _cCaPaEBR |
||
| 035 | _a(OCoLC)137342217 | ||
| 050 | 1 | 4 |
_aQA76.76.O63 _bS434 2004eb |
| 082 | 0 | 4 |
_a005.4/46 _222 |
| 100 | 1 | _aSchulz, Jeremy. | |
| 245 | 1 | 0 |
_aiSeries Access for Windows V5R2 hot topics _h[electronic resource] : _btailored images, application administration, SSL, and Kerberos / _c[Jeremy Schulz, Jim Cook]. |
| 250 | _a1st ed. | ||
| 260 |
_a[S.l.] : _bIBM, International Technical Support Organization, _cc2004. |
||
| 300 |
_ax, 152 p. : _bill. |
||
| 490 | 1 | _aIBM redbooks | |
| 504 | _aIncludes bibliographical references and index. | ||
| 533 |
_aElectronic reproduction. _bPalo Alto, Calif. : _cebrary, _d2009. _nAvailable via World Wide Web. _nAccess may be limited to ebrary affiliated libraries. |
||
| 630 | 0 | 0 | _aMicrosoft Windows (Computer file) |
| 650 | 0 | _aOperating systems (Computers) | |
| 650 | 0 | _aComputer security. | |
| 655 | 7 |
_aElectronic books. _2local |
|
| 700 | 1 |
_aCook, Jim, _d1944- |
|
| 710 | 2 |
_aInternational Business Machines Corporation. _bInternational Technical Support Organization. |
|
| 710 | 2 | _aebrary, Inc. | |
| 830 | 0 | _aIBM redbooks. | |
| 856 | 4 | 0 |
_uhttp://site.ebrary.com/lib/rucke/Doc?id=10112786 _zAn electronic book accessible through the World Wide Web; click to view |
| 999 |
_c210698 _d210698 |
||